000 00522nam a2200193Ia 4500
005 20250508154610.0
008 008 250505s9999 xx 000 0 eng d
037 _aReference
040 _aFEDL
_beng
_cFEDL
041 _aeng
_2eng
084 _a001.42, WHI
_qFEDL
100 _aWhitney Frederick Lamson
_993627
245 0 _aElements of research
250 _a3rd
260 _aEnglewood Cliffs
_b Prentice-Hall
_c1937
300 _a539p.
942 _cREF
_h001.42, WHI
999 _c1351124
_d1351124